| 000 | 01045cab a2200265 4500 | ||
|---|---|---|---|
| 001 | ABS55745 | ||
| 008 | 090401t1996 xxu||||| |||| 00| 0 eng d | ||
| 035 | _a(Sirsi) u18520 | ||
| 041 | _aeng | ||
| 100 | _aHull, M. | ||
| 245 | _aDilapidations: growth area for valuers | ||
| 260 | _c1996 | ||
| 350 | _a0 | ||
| 490 |
_aEstates Gazette _v(9632) 10 August 1996, 6--63(4) |
||
| 520 | _aSets out the valuation calculations used in "Shortland Investments Ltd v Cargill plc" 1995 to calculate the value of property in disrepair under the Landlord and Tenant Act 1927 s18(1). Redevelopment, refurbishment potential, converison and consequential losses are also important factors to be taken into consideration in preparing dilipidation valuations. | ||
| 650 |
_aDilapidations _96235 |
||
| 650 | _aLANDLORD AND TENANT ACT 1927 S18(1) | ||
| 650 | _aREPAIRS | ||
| 650 | _aSHORTLANDS INVESTMENTS LTD V CARGILL PLC | ||
| 650 | _aVALUATIONS | ||
| 690 | _aRATING AND VALUATION | ||
| 700 | _aMcIntosh, M. | ||
| 942 | _n0 | ||
| 948 | _c04/03/1997 | ||
| 999 |
_c12314 _d12314 |
||